[Event "Bochumer SV 1 - SV Wattenscheid 1"]
[Site "Oberliga NRW 2021/2022"]
[Date "2022.01.30"]
[Round "5.6"]
[White "Kiese, Matthias"]
[Black "Kaehmann, Jörg"]
[Result "1-0"]
[WhiteElo "2159"]
[BlackElo "2127"]
[PlyCount "95"]
[EventDate "2022.??.??"]
[SourceVersionDate "2020.03.16"]
[WhiteTeam "Bochumer SV 1"]
[BlackTeam "SV Wattenscheid 1"]

1. d4 Nf6 2. Nf3 g6 3. c4 Bg7 4. Nc3 d6 5. e4 O-O 6. Be2 e5 7. dxe5 dxe5 8.
Qxd8 Rxd8 9. Bg5 Re8 10. Nd5 Nxd5 11. cxd5 c6 12. Bc4 cxd5 13. Bxd5 Nc6 14.
O-O-O Bg4 15. h3 Bxf3 16. gxf3 Rac8 17. Kb1 Nd4 18. Bxb7 Rc7 19. Bd5 Nxf3 20.
Be3 h5 21. Rd3 Nd4 22. Bxd4 exd4 23. f4 Rd8 24. Bb3 Bh6 25. Rf1 Re7 26. Bd5 Bg7
27. f5 gxf5 28. Rxf5 h4 29. Rdf3 Rd6 30. Bxf7+ Rxf7 31. Rxf7 d3 32. Rxg7+ Kxg7
33. Kc1 Kg6 34. Kd2 Rd4 35. Rf4 Kg5 36. Rg4+ Kh5 37. b3 a6 38. Rf4 Kg5 39. Rf5+
Kg6 40. Ra5 Rxe4 41. Rxa6+ Kg5 42. Ra5+ Kg6 43. Kxd3 Re1 44. Ra4 Kg5 45. Rg4+
Kh5 46. Re4 Rd1+ 47. Kc4 Rh1 48. Re3 1-0

[Event "Bochumer SV 1 - SV Wattenscheid 1"]
[Site "Oberliga NRW 2021/2022"]
[Date "2022.01.30"]
[Round "5.7"]
[White "Schroeder, Wilfried"]
[Black "Pewny, Uwe"]
[Result "1/2-1/2"]
[WhiteElo "2144"]
[BlackElo "2182"]
[PlyCount "58"]
[EventDate "2022.??.??"]
[SourceVersionDate "2020.03.16"]
[WhiteTeam "SV Wattenscheid 1"]
[BlackTeam "Bochumer SV 1"]

1. d4 d6 2. Nf3 Nf6 3. g3 g6 4. Bg2 Bg7 5. O-O O-O 6. c4 Nc6 7. Nc3 a6 8. d5
Na5 9. b3 c5 10. dxc6 Nxc6 11. Bb2 Ne4 12. Qc1 Nxc3 13. Bxc3 Bxc3 14. Qxc3 Bd7
15. Rfd1 Qc7 16. c5 dxc5 17. Qxc5 Rfd8 18. Nd4 Rac8 19. Rac1 Be8 20. Nxc6 Bxc6
21. Bxc6 bxc6 22. h4 h5 23. Rd4 Rd6 24. b4 Rcd8 25. Rxd6 Rxd6 26. a4 Qd7 27.
Qc4 Rd1+ 28. Kg2 Rxc1 29. Qxc1 Qd5+ 1/2-1/2

[Event "Bochumer SV 1 - SV Wattenscheid 1"]
[Site "Oberliga NRW 2021/2022"]
[Date "2022.01.30"]
[Round "5.8"]
[White "Berndt, Joachim"]
[Black "Gohla, Ulf"]
[Result "0-1"]
[WhiteElo "2028"]
[BlackElo "2086"]
[PlyCount "112"]
[EventDate "2022.??.??"]
[SourceVersionDate "2020.03.16"]
[WhiteTeam "Bochumer SV 1"]
[BlackTeam "SV Wattenscheid 1"]

1. e4 e5 2. Bc4 Nf6 3. d3 c6 4. Nf3 b5 5. Bb3 d6 6. Ng5 d5 7. exd5 cxd5 8. Qe2
Bb4+ 9. Bd2 Bxd2+ 10. Nxd2 O-O 11. O-O Nc6 12. c3 Bg4 13. f3 Bf5 14. g4 Bg6 15.
Nh3 Re8 16. Nf2 Qd6 17. Rfd1 Nd7 18. Nf1 Nc5 19. Ne3 Nxb3 20. axb3 d4 21. Nf5
Bxf5 22. gxf5 Ne7 23. Ne4 Qb6 24. f6 gxf6 25. Kh1 Kh8 26. cxd4 exd4 27. Qd2 Rg8
28. Qf4 Nd5 29. Qd6 Rad8 30. Qxb6 axb6 31. Ra7 f5 32. Ng3 Ne3 33. Rg1 Rg7 34.
Nh5 Rxg1+ 35. Kxg1 Kg8 36. Rb7 Nd5 37. Ng3 Nb4 38. Nxf5 Nxd3 39. Ne7+ Kg7 40.
Rxb6 Nxb2 41. Nf5+ Kf8 42. Rd6 Rxd6 43. Nxd6 d3 44. Ne4 f5 45. Nd2 Ke7 46. Kf2
Nd1+ 47. Ke1 Ne3 48. Nb1 Kd6 49. Kd2 Nf1+ 50. Kxd3 Nxh2 51. Ke3 Kc5 52. Nd2 Kb4
53. Kf4 Kc3 54. Nb1+ Kxb3 55. Kxf5 Nxf3 56. Ke4 Kb2 0-1

[Event "SV Mülheim-Nord 2 - Bochumer SV 1"]
[Site "Oberliga NRW 2021/2022"]
[Date "2022.05.29"]
[Round "6.1"]
[White "Illner, Achim"]
[Black "Lenaerts, Lennert"]
[Result "1/2-1/2"]
[WhiteElo "2447"]
[BlackElo "2362"]
[Annotator "daniel"]
[PlyCount "79"]
[EventDate "2022.??.??"]
[SourceVersionDate "2020.03.16"]
[WhiteTeam "Bochumer SV 1"]
[BlackTeam "SV Mülheim-Nord 2"]

1. d4 d5 2. c4 c6 3. cxd5 cxd5 4. Nf3 Nf6 5. Nc3 Nc6 6. Bf4 a6 7. Rc1 Bf5 8. e3
Rc8 9. Be2 e6 10. O-O Bd6 11. Bxd6 Qxd6 12. Na4 Nd7 13. Qb3 Rc7 14. Nc5 Nxc5
15. Rxc5 Bg4 16. Rfc1 O-O 17. Qb6 Rd7 18. R5c3 Bxf3 19. Bxf3 Rb8 $11 20. g3 Kf8
21. Bd1 Ne7 22. Qa5 Nc6 23. Qc5 Qxc5 24. Rxc5 Rc8 25. b4 Ke7 26. a4 Rdd8 27. a5
Rd7 28. Ba4 Rdc7 29. b5 axb5 30. Bxb5 Kd6 31. a6 bxa6 32. Bxa6 Ra8 33. Bd3 Rac8
34. h4 h6 35. Ba6 Ra8 36. Bb5 Rac8 37. f4 Ne7 38. Rxc7 Rxc7 39. Rxc7 Kxc7 40.
Kf2 1/2-1/2

[Event "SV Mülheim-Nord 2 - Bochumer SV 1"]
[Site "Oberliga NRW 2021/2022"]
[Date "2022.05.29"]
[Round "6.2"]
[White "Stillger, Bernhard"]
[Black "Friedmann, Rafael"]
[Result "1/2-1/2"]
[WhiteElo "2238"]
[BlackElo "2382"]
[PlyCount "22"]
[EventDate "2022.??.??"]
[SourceVersionDate "2020.03.16"]
[WhiteTeam "SV Mülheim-Nord 2"]
[BlackTeam "Bochumer SV 1"]

1. d4 d6 2. Nf3 Bg4 3. e3 Nf6 4. c4 c6 5. Nc3 Nbd7 6. Be2 e5 7. O-O Be7 8. e4
O-O 9. Be3 Re8 10. d5 cxd5 11. cxd5 Qb8 1/2-1/2

[Event "SV Mülheim-Nord 2 - Bochumer SV 1"]
[Site "Oberliga NRW 2021/2022"]
[Date "2022.05.29"]
[Round "6.3"]
[White "Schneider, Bernd"]
[Black "van Osch, Mees"]
[Result "1-0"]
[WhiteElo "2265"]
[BlackElo "2356"]
[PlyCount "147"]
[EventDate "2022.??.??"]
[SourceVersionDate "2020.03.16"]
[WhiteTeam "Bochumer SV 1"]
[BlackTeam "SV Mülheim-Nord 2"]

1. c4 e5 2. g3 Nf6 3. Bg2 c6 4. Nf3 e4 5. Nd4 Qb6 6. Nb3 a5 7. d3 a4 8. N3d2
Bc5 9. e3 exd3 10. O-O d6 11. Ne4 Nxe4 12. Bxe4 Bh3 13. Bg2 Bf5 14. e4 Be6 15.
Qxd3 Nd7 16. Nd2 Ne5 17. Qc2 Qa6 18. Rd1 Bxc4 19. Nxc4 Qxc4 20. Qxc4 Nxc4 21.
Bf1 Ne5 22. Bf4 Ke7 23. Kg2 f6 24. Rac1 g5 25. Bd2 g4 26. Be2 h5 27. Bf4 Ng6
28. Bd2 Bd4 29. Rc2 Nf8 30. Rh1 Ne6 31. h3 Nc5 32. hxg4 hxg4 33. Bxg4 Rxh1 34.
Kxh1 Nxe4 35. Be1 d5 36. f3 Rh8+ 37. Kg2 Ng5 38. Bb4+ Kf7 39. Re2 c5 40. Bd2
Rd8 41. Ba5 Rd6 42. Bh5+ Kg7 43. Re7+ Kh6 44. Bg4 b6 45. Bd2 Kg6 46. Bf4 Be5
47. Bxe5 fxe5 48. Rxe5 b5 49. f4 Ne4 50. Bf5+ Kf6 51. g4 Ng5 52. Kf2 b4 53. Bc2
Ne6 54. Bxa4 c4 55. Bd1 d4 56. Rb5 Ra6 57. g5+ Ke7 58. Kg3 Kd6 59. Rxb4 Kc5 60.
a3 d3 61. Kg4 Nc7 62. b3 cxb3 63. Rxb3 Kd4 64. Bf3 Ne6 65. f5 Nc5 66. Rb4+ Ke3
67. f6 Nd7 68. Re4+ Kf2 69. f7 d2 70. Re2+ Kg1 71. Kg3 Rg6 72. Rxd2 Rxg5+ 73.
Kf4 Rg7 74. Rxd7 1-0

[Event "SV Mülheim-Nord 2 - Bochumer SV 1"]
[Site "Oberliga NRW 2021/2022"]
[Date "2022.05.29"]
[Round "6.4"]
[White "Kahleys, Kevin"]
[Black "Heinbuch, Detlef Ulrich"]
[Result "0-1"]
[WhiteElo "2166"]
[BlackElo "2181"]
[PlyCount "116"]
[EventDate "2022.??.??"]
[SourceVersionDate "2020.03.16"]
[WhiteTeam "SV Mülheim-Nord 2"]
[BlackTeam "Bochumer SV 1"]

1. d4 d5 2. c4 dxc4 3. e4 c5 4. d5 Nf6 5. Nc3 e6 6. Bxc4 exd5 7. Nxd5 Nxd5 8.
Bxd5 Be7 9. Ne2 O-O 10. O-O Qb6 11. Nc3 Nc6 12. Be3 Qxb2 13. Na4 Qb5 14. Rc1
Nd4 15. Rb1 Qd7 16. Nxc5 Bxc5 17. Bxd4 Bxd4 18. Qxd4 b6 19. Rb3 Bb7 20. Rg3 g6
21. h4 Rad8 22. Rd1 Bxd5 23. exd5 h5 24. Rg5 Qd6 25. g4 hxg4 26. h5 Kh7 27. Kg2
f6 28. hxg6+ Kg7 29. Rh1 Rh8 30. Rgh5 Rxh5 31. Rxh5 Rh8 32. Qxg4 Rh6 33. Rxh6
Qxd5+ 34. Kg1 Kxh6 35. f4 Qc5+ 36. Kf1 Qc1+ 37. Ke2 Qc2+ 38. Ke3 Qxg6 39. Qh3+
Kg7 40. Kd2 Qe8 41. f5 Qd7+ 42. Kc2 Qa4+ 43. Kb2 Qd4+ 44. Kb3 a5 45. Kc2 Kf8
46. Qh7 Ke8 47. Kb1 Kd8 48. a4 Qb4+ 49. Kc1 Qxa4 50. Kb2 Qd4+ 51. Ka3 b5 52.
Ka2 a4 53. Ka3 Qc3+ 54. Ka2 a3 55. Qh8+ Kc7 56. Qh2+ Kb7 57. Qg2+ Ka7 58. Qe2
Qb2+ 0-1

[Event "SV Mülheim-Nord 2 - Bochumer SV 1"]
[Site "Oberliga NRW 2021/2022"]
[Date "2022.05.29"]
[Round "6.5"]
[White "Kiese, Matthias"]
[Black "Hoenig, Alexander"]
[Result "1/2-1/2"]
[WhiteElo "2150"]
[BlackElo "2176"]
[PlyCount "33"]
[EventDate "2022.??.??"]
[SourceVersionDate "2020.03.16"]
[WhiteTeam "Bochumer SV 1"]
[BlackTeam "SV Mülheim-Nord 2"]

1. d4 d5 2. Nf3 Nf6 3. c4 c6 4. Nc3 a6 5. cxd5 cxd5 6. Bf4 Nc6 7. e3 Bg4 8. Be2
e6 9. Ne5 Bxe2 10. Qxe2 Rc8 11. O-O Bd6 12. Nd3 Bxf4 13. Nxf4 Qd6 14. Nd3 O-O
15. Rac1 Nd7 16. Rc2 Nb4 17. Nxb4 1/2-1/2

[Event "SV Mülheim-Nord 2 - Bochumer SV 1"]
[Site "Oberliga NRW 2021/2022"]
[Date "2022.05.29"]
[Round "6.6"]
[White "Czybik, Nils Patrick"]
[Black "Pewny, Uwe"]
[Result "1-0"]
[WhiteElo "2141"]
[BlackElo "2182"]
[PlyCount "115"]
[EventDate "2022.??.??"]
[SourceVersionDate "2020.03.16"]
[WhiteTeam "SV Mülheim-Nord 2"]
[BlackTeam "Bochumer SV 1"]

1. d4 Nf6 2. Nf3 g6 3. g3 Bg7 4. Bg2 O-O 5. O-O d6 6. c4 c6 7. Nc3 Qa5 8. Qc2
Nbd7 9. Rd1 Rb8 10. Nd2 e5 11. d5 Qc7 12. b3 cxd5 13. Nxd5 Nxd5 14. Bxd5 b5 15.
Ne4 Kh8 16. Bb2 Nb6 17. Rac1 bxc4 18. Ba3 Nxd5 19. Rxd5 Bb7 20. Bxd6 Qb6 21.
Bxf8 Bxd5 22. Bxg7+ Kxg7 23. bxc4 Rc8 24. Nd2 Bb7 25. c5 Qc6 26. f3 h5 27. Qc3
f6 28. h4 Ba6 29. Kf2 Qb5 30. Qe3 Qb2 31. Nb3 Rc6 32. Qd2 Qxd2 33. Nxd2 Bb5 34.
Ne4 Ra6 35. Rc2 Bc6 36. Nd2 Kf7 37. Nb3 Ke6 38. Ke3 Bd5 39. Kd3 Kd7 40. Kc3 Be6
41. Kb4 Kc7 42. Na5 Bd7 43. Rd2 Re6 44. Nc4 Re8 45. Rd6 Rb8+ 46. Kc3 Rb1 47.
Rxf6 Rc1+ 48. Kb4 Rb1+ 49. Ka3 Bb5 50. Nxe5 Bxe2 51. Rxg6 Rf1 52. Rg7+ Kc8 53.
Rxa7 Bxf3 54. Rf7 Be2 55. Rxf1 Bxf1 56. Kb4 Be2 57. c6 Kc7 58. Kc5 1-0

[Event "SV Mülheim-Nord 2 - Bochumer SV 1"]
[Site "Oberliga NRW 2021/2022"]
[Date "2022.05.29"]
[Round "6.7"]
[White "Berndt, Joachim"]
[Black "Bus, Tom"]
[Result "1/2-1/2"]
[WhiteElo "2028"]
[BlackElo "2052"]
[PlyCount "53"]
[EventDate "2022.??.??"]
[SourceVersionDate "2020.03.16"]
[WhiteTeam "Bochumer SV 1"]
[BlackTeam "SV Mülheim-Nord 2"]

1. d4 Nf6 2. Nf3 c5 3. d5 g6 4. Nc3 Bg7 5. e4 d6 6. Bc4 O-O 7. O-O Bg4 8. h3
Bxf3 9. Qxf3 Nbd7 10. Bf4 Nh5 11. Bd2 Ne5 12. Qe2 Nxc4 13. Qxc4 a6 14. a4 Qd7
15. Rab1 Rab8 16. a5 b5 17. axb6 Rxb6 18. g4 Nf6 19. f3 h5 20. Qe2 Rfb8 21. b3
Qc8 22. Na4 Rb5 23. Nc3 R5b6 24. Na4 Rb5 25. Nc3 R5b6 26. Na4 Rb5 27. Nc3
1/2-1/2

[Event "SF Brackel 1 - SC Siegburg 1"]
[Site "Oberliga NRW 2021/2022"]
[Date "2022.05.29"]
[Round "6.1"]
[White "Baklan, Vladimir"]
[Black "Fiebig, Thomas"]
[Result "1-0"]
[WhiteElo "2583"]
[BlackElo "2415"]
[PlyCount "69"]
[EventDate "2022.??.??"]
[SourceVersionDate "2020.03.16"]
[WhiteTeam "SC Siegburg 1"]
[BlackTeam "SF Brackel 1"]

1. e4 c6 2. d4 d5 3. e5 Bf5 4. Be2 e6 5. Nf3 c5 6. O-O Nc6 7. c3 Bg6 8. a3 cxd4
9. cxd4 Nge7 10. Nc3 Nc8 11. Na4 Be7 12. b4 O-O 13. Nc5 Rb8 14. Bb2 Nb6 15. Nd2
Nd7 16. Nd3 Qb6 17. Nb3 Rfc8 18. Qd2 a6 19. Rac1 Qd8 20. Ndc5 Nb6 21. Bg4 Nc4
22. Qe2 Bxc5 23. Nxc5 Qe7 24. Rfd1 Rd8 25. h3 h6 26. Rc3 a5 27. Bc1 axb4 28.
axb4 Nxb4 29. Rg3 Kh7 30. Bh5 Re8 31. Qg4 Kg8 32. Bxh6 gxh6 33. Bxg6 Kh8 34.
Qh5 fxg6 35. Rxg6 1-0

[Event "SF Brackel 1 - SC Siegburg 1"]
[Site "Oberliga NRW 2021/2022"]
[Date "2022.05.29"]
[Round "6.2"]
[White "Luft, Dennis"]
[Black "Hoffmann, Michael"]
[Result "1/2-1/2"]
[WhiteElo "2263"]
[BlackElo "2430"]
[PlyCount "30"]
[EventDate "2022.??.??"]
[SourceVersionDate "2020.03.16"]
[WhiteTeam "SF Brackel 1"]
[BlackTeam "SC Siegburg 1"]

1. e4 c6 2. d4 d5 3. exd5 cxd5 4. Bd3 Nc6 5. c3 Nf6 6. Bf4 Bg4 7. Qb3 Qd7 8.
Nd2 e6 9. Ngf3 Bd6 10. Bg3 Qc7 11. O-O O-O 12. Rae1 Bxf3 13. Bxd6 Qxd6 14. Nxf3
Rab8 15. Ne5 b5 1/2-1/2

[Event "SF Brackel 1 - SC Siegburg 1"]
[Site "Oberliga NRW 2021/2022"]
[Date "2022.05.29"]
[Round "6.3"]
[White "Roshka, Yevgeniy"]
[Black "Kartsev, Soel"]
[Result "1-0"]
[WhiteElo "2455"]
[BlackElo "2193"]
[PlyCount "119"]
[EventDate "2022.??.??"]
[SourceVersionDate "2020.03.16"]
[WhiteTeam "SC Siegburg 1"]
[BlackTeam "SF Brackel 1"]

1. d4 Nf6 2. c4 e6 3. Nf3 b6 4. g3 Ba6 5. Nbd2 c6 6. Bg2 d5 7. O-O Be7 8. Ne5
O-O 9. e4 Nfd7 10. exd5 Nxe5 11. dxe5 cxd5 12. cxd5 Bxf1 13. Nxf1 Bc5 14. Qg4
f5 15. exf6 Qxf6 16. Qxe6+ Qxe6 17. dxe6 Bxf2+ 18. Kh1 Bc5 19. Bf4 Na6 20. Bxa8
Rxa8 21. Rd1 Re8 22. Rd7 Rxe6 23. Rxa7 Nb4 24. a3 Nd5 25. b4 Be7 26. Bd2 g5 27.
g4 Re4 28. Rd7 Nf6 29. Ng3 Re6 30. Rd4 h6 31. Kg2 Kf7 32. a4 Bd6 33. Kf3 Kg6
34. a5 Be5 35. Rd3 bxa5 36. bxa5 Bxg3 37. hxg3 Ne4 38. Be3 Nd6 39. Rc3 Rf6+ 40.
Kg2 Ne4 41. Rc4 Re6 42. Rb4 Nf6 43. Bd4 Nd5 44. Rb5 Ne3+ 45. Kf3 Nc2 46. Be5
Kf7 47. Ke4 Ra6 48. Rb7+ Ke8 49. Bc3 Na3 50. Kd5 Kd8 51. Rb6 Rxb6 52. axb6 Kc8
53. Kc6 Nc4 54. b7+ Kb8 55. Bb4 Ne5+ 56. Kb6 Nd7+ 57. Ka6 Kc7 58. Ka7 Kc6 59.
Bf8 Nxf8 60. b8=Q 1-0

[Event "SF Brackel 1 - SC Siegburg 1"]
[Site "Oberliga NRW 2021/2022"]
[Date "2022.05.29"]
[Round "6.4"]
[White "Fluechter, Gregor"]
[Black "Omelia, Artem"]
[Result "1-0"]
[WhiteElo "2230"]
[BlackElo "2402"]
[PlyCount "73"]
[EventDate "2022.??.??"]
[SourceVersionDate "2020.03.16"]
[WhiteTeam "SF Brackel 1"]
[BlackTeam "SC Siegburg 1"]

1. e4 c5 2. f4 e6 3. Nf3 d5 4. Bb5+ Bd7 5. Bxd7+ Qxd7 6. Ne5 Qc7 7. exd5 exd5
8. Nc3 Nf6 9. Qf3 d4 10. Nb5 Qe7 11. O-O a6 12. Re1 axb5 13. Nd3 Nc6 14. Rxe7+
Bxe7 15. Ne5 O-O 16. Nxc6 bxc6 17. Qxc6 d3 18. cxd3 Rad8 19. Qxb5 Nd5 20. d4
Nxf4 21. d3 Ne2+ 22. Kh1 Nxd4 23. Qc4 Nf5 24. Qe4 Nd4 25. Qxe7 Rde8 26. Qh4 Nc2
27. Bg5 Nxa1 28. Be7 Nc2 29. Bxf8 Re1+ 30. Qxe1 Nxe1 31. Bxc5 Nxd3 32. b4 Nxc5
33. bxc5 Kf8 34. a4 Ke7 35. a5 Kd7 36. a6 Kc6 37. g4 1-0

[Event "SF Brackel 1 - SC Siegburg 1"]
[Site "Oberliga NRW 2021/2022"]
[Date "2022.05.29"]
[Round "6.5"]
[White "Zavgorodniy, Sergiy"]
[Black "Korten, Lando"]
[Result "1-0"]
[WhiteElo "2416"]
[BlackElo "2178"]
[PlyCount "103"]
[EventDate "2022.??.??"]
[SourceVersionDate "2020.03.16"]
[WhiteTeam "SC Siegburg 1"]
[BlackTeam "SF Brackel 1"]

1. e4 c5 2. Nf3 d6 3. c3 Nf6 4. e5 dxe5 5. Nxe5 e6 6. d4 Bd6 7. Nd2 O-O 8. Ndf3
Nbd7 9. Nc4 Qc7 10. Be2 b6 11. Nxd6 Qxd6 12. O-O Bb7 13. dxc5 Qxd1 14. Rxd1
Nxc5 15. Be3 Rac8 16. Nd4 Nd5 17. Bd2 Ne4 18. Be1 Rfd8 19. Bf1 h6 20. c4 Nf4
21. f3 Nd6 22. b3 e5 23. Nc2 Nf5 24. Bc3 f6 25. Kf2 h5 26. g3 Ne6 27. Bh3 g6
28. Ne3 Ng5 29. Bxf5 gxf5 30. h4 Ne6 31. Nxf5 Kh7 32. Nd6 Rc7 33. Nxb7 Rxb7 34.
Rxd8 Nxd8 35. Rd1 Nf7 36. Rd5 Rc7 37. f4 exf4 38. gxf4 Kg6 39. f5+ Kg7 40. Bd2
Ne5 41. Bf4 Ng4+ 42. Kf3 Re7 43. b4 Re1 44. Rd7+ Kg8 45. Rxa7 Rf1+ 46. Ke4 Re1+
47. Kd5 Rf1 48. Bd6 Ne3+ 49. Ke6 Nxc4 50. Be7 Re1+ 51. Kxf6 Ne5 52. Bd6 1-0

[Event "SF Brackel 1 - SC Siegburg 1"]
[Site "Oberliga NRW 2021/2022"]
[Date "2022.05.29"]
[Round "6.6"]
[White "Goldschmidt, Christian"]
[Black "Schmidt, Bodo"]
[Result "1/2-1/2"]
[WhiteElo "2184"]
[BlackElo "2241"]
[Annotator "daniel"]
[PlyCount "134"]
[EventDate "2022.??.??"]
[SourceVersionDate "2020.03.16"]
[WhiteTeam "SF Brackel 1"]
[BlackTeam "SC Siegburg 1"]

1. e4 e6 2. d4 d5 3. Nd2 Be7 4. e5 c5 5. c3 Nc6 6. Ndf3 cxd4 7. cxd4 Bb4+ 8.
Bd2 Qa5 9. Bd3 Bd7 10. Ne2 Bxd2+ 11. Qxd2 Qxd2+ 12. Kxd2 Nge7 13. Ne1 Nb4 14.
Bb1 Bb5 15. Nc3 Ba6 16. f4 Kd7 17. Nf3 Nbc6 18. Bc2 Rab8 19. Rac1 f5 20. Ba4 h6
21. h4 Kd8 22. Bxc6 Nxc6 23. Na4 Ke7 24. Nc5 Rhc8 25. Nxa6 bxa6 26. b3 Kd7 27.
Rc3 Nb4 $11 28. a3 Rxc3 29. Kxc3 Nc6 30. Rh3 Ke7 31. Rg3 Kf7 32. h5 a5 33. Rh3
a4 34. bxa4 Rb1 35. Nd2 Rg1 36. Rg3 Rh1 37. Rh3 Rc1+ 38. Kb2 Rg1 39. Rc3 Nxd4
40. Rc7+ Kg8 41. Rxa7 Rxg2 42. Kc3 Ne2+ 43. Kc2 Rg3 44. Nb3 Rc3+ 45. Kd2 Rxb3
46. Kxe2 Rxa3 47. a5 Rh3 48. Ra8+ Kh7 49. a6 Rxh5 50. Re8 Rh2+ 51. Kf3 Ra2 52.
Rxe6 Ra3+ 53. Kf2 Kg8 54. Rb6 Kh7 55. Rc6 d4 56. Rb6 h5 57. Rd6 h4 58. Kg2 Rg3+
59. Kh2 Ra3 60. Rxd4 Rxa6 61. Kh3 Rg6 62. Kxh4 Rg4+ 63. Kh3 Kg6 64. Ra4 Kh5 65.
Ra7 Kh6 66. Ra4 Kh5 67. Ra7 Kh6 1/2-1/2

[Event "SF Brackel 1 - SC Siegburg 1"]
[Site "Oberliga NRW 2021/2022"]
[Date "2022.05.29"]
[Round "6.7"]
[White "Albrecht, Oliver"]
[Black "Strathoff, Martin"]
[Result "1/2-1/2"]
[WhiteElo "2158"]
[BlackElo "2095"]
[PlyCount "102"]
[EventDate "2022.??.??"]
[SourceVersionDate "2020.03.16"]
[WhiteTeam "SC Siegburg 1"]
[BlackTeam "SF Brackel 1"]

1. d4 d5 2. c4 e6 3. Nc3 Nf6 4. cxd5 exd5 5. Bg5 c6 6. Qc2 Be7 7. e3 O-O 8. Bd3
Nbd7 9. Nge2 Re8 10. O-O Nf8 11. f3 Be6 12. e4 N6d7 13. Bxe7 Qxe7 14. Rae1 Rac8
15. e5 c5 16. f4 cxd4 17. Nxd4 Qc5 18. Qf2 f6 19. Ndb5 fxe5 20. fxe5 Qxf2+ 21.
Rxf2 Nc5 22. Bb1 Rcd8 23. Rd2 Ne4 24. Bxe4 dxe4 25. Nd6 Ng6 26. Rde2 Re7 27.
Rxe4 a6 28. h3 Rc7 29. g4 Ne7 30. Kh2 Rdd7 31. Kg3 Rc5 32. h4 Nc6 33. Nf5 Rd2
34. R1e2 Rxe2 35. Rxe2 Bxf5 36. gxf5 Rxe5 37. Rxe5 Nxe5 38. b3 Kf7 39. Kf4 Nc6
40. Ne4 b5 41. Ng5+ Kg8 42. Ke4 h6 43. Ne6 Kf7 44. Nc7 Nb4 45. a4 bxa4 46. bxa4
Kf6 47. Ne8+ Kf7 48. Nc7 Ke7 49. Ke5 a5 50. Ne6 Kf7 51. Nd8+ Ke7 1/2-1/2

[Event "SF Brackel 1 - SC Siegburg 1"]
[Site "Oberliga NRW 2021/2022"]
[Date "2022.05.29"]
[Round "6.8"]
[White "Seref, Erdogan"]
[Black "Dzierzenga, Stefan"]
[Result "1-0"]
[WhiteElo "1978"]
[BlackElo "2116"]
[Annotator "daniel"]
[PlyCount "109"]
[EventDate "2022.??.??"]
[SourceVersionDate "2020.03.16"]
[WhiteTeam "SF Brackel 1"]
[BlackTeam "SC Siegburg 1"]

1. c4 c5 2. Nf3 Nc6 3. g3 g6 4. Bg2 Bg7 5. Nc3 e5 6. Rb1 Nge7 7. a3 O-O 8. O-O
d5 9. cxd5 Nxd5 10. Ng5 Nxc3 11. dxc3 Qc7 12. Qa4 Bf5 13. Ne4 Rac8 14. Be3 b6
15. Rbd1 Ne7 16. Bg5 f6 17. Be3 Be6 18. Rd6 Bf5 19. Qc4+ Kh8 20. Rfd1 Rcd8 21.
R6d2 Rxd2 22. Nxd2 Qd7 23. Re1 Be6 24. Qa6 Nf5 25. Nf1 Rd8 26. Bc1 Qf7 27. e4
Bc4 28. Qa4 Nd6 29. Qc2 Bb3 30. Qe2 Nb7 31. Nd2 Be6 32. Bf1 Na5 33. b4 cxb4 34.
axb4 Nc6 35. Qb5 Rc8 36. Nc4 Bf8 37. Ne3 Nb8 38. Bb2 Bd7 39. Qd5 Be6 40. Qb5
Bd7 41. Bc4 Qe8 42. Qd5 Bh6 43. Bb3 Bc6 44. Qd3 Ba4 $11 45. Bd5 Bxe3 46. Qxe3
Bb5 47. Ra1 Qe7 48. Qf3 Kg7 49. Qg4 Bd7 50. Rxa7 h5 51. Qf3 Qd6 52. Qe3 b5 53.
Bc1 Rh8 54. h4 f5 55. Rb7 1-0

[Event "SV Erkenschwick 1 - Klub Kölner SF 1"]
[Site "Oberliga NRW 2021/2022"]
[Date "2022.05.29"]
[Round "6.1"]
[White "Morawietz, Dieter"]
[Black "Erwich, Frank"]
[Result "0-1"]
[WhiteElo "2406"]
[BlackElo "2397"]
[PlyCount "126"]
[EventDate "2022.??.??"]
[SourceVersionDate "2020.03.16"]
[WhiteTeam "Klub Kölner SF 1"]
[BlackTeam "SV Erkenschwick 1"]

1. d4 Nf6 2. c4 e6 3. Nf3 b6 4. g3 Be7 5. Bg2 c6 6. O-O O-O 7. Nbd2 d5 8. Qc2
Ba6 9. b3 Nbd7 10. e4 c5 11. Re1 Rc8 12. e5 Ne8 13. Bb2 cxd4 14. Nxd4 b5 15.
Bc3 bxc4 16. bxc4 Nb6 17. Rab1 Bxc4 18. Nxc4 Nxc4 19. Rb7 Rc7 20. Qb3 Bc5 21.
Rb8 Rc8 22. Rb7 Bxd4 23. Bxd4 Na5 24. Qb5 Nxb7 25. Qxb7 Qa5 26. Ra1 Rc7 27. Qb3
Rc4 28. Qe3 Nc7 29. Bxa7 Nb5 30. Bb6 Qc3 31. Qxc3 Nxc3 32. Bf1 Ra4 33. a3 Rfa8
34. Bc5 Ne4 35. Be7 Nd2 36. Bb5 R4a7 37. Bd6 Nc4 38. Bxc4 dxc4 39. Rc1 Rc8 40.
Rc3 Rb7 41. Bb4 g5 42. f4 Rb5 43. Kf2 Kg7 44. Ke3 Kg6 45. Ke4 g4 46. Rc2 h5 47.
Rc3 Rc6 48. Rc2 Rb8 49. Rc3 Rd8 50. Bd6 Ra8 51. Bb4 Rh8 52. Be7 Rc7 53. Bd6 Rb7
54. Rxc4 Rb2 55. Rc3 Rxh2 56. Be7 Rb8 57. Rc6 Re2+ 58. Kd3 Rg2 59. Ke4 Re2+ 60.
Kd3 Rbb2 61. Bb4 Rg2 62. Ke4 Rbe2+ 63. Kd3 Ref2 0-1

[Event "SV Erkenschwick 1 - Klub Kölner SF 1"]
[Site "Oberliga NRW 2021/2022"]
[Date "2022.05.29"]
[Round "6.2"]
[White "Willemze, Thomas"]
[Black "Helbig, Mark"]
[Result "1/2-1/2"]
[WhiteElo "2350"]
[BlackElo "2240"]
[PlyCount "132"]
[EventDate "2022.??.??"]
[SourceVersionDate "2020.03.16"]
[WhiteTeam "SV Erkenschwick 1"]
[BlackTeam "Klub Kölner SF 1"]

1. e4 c5 2. Nf3 Nc6 3. Bb5 e6 4. O-O Nge7 5. c3 a6 6. Ba4 b5 7. Bc2 Bb7 8. Re1
d5 9. d4 cxd4 10. exd5 Nxd5 11. Nxd4 Be7 12. Nxc6 Bxc6 13. Nd2 O-O 14. Nf3 Qc7
15. Ne5 Bf6 16. Nxc6 Qxc6 17. Qd3 g6 18. Bh6 Rfc8 19. Qf3 Bg7 20. Bxg7 Kxg7 21.
Be4 Rab8 22. Rad1 Rd8 23. Rd4 Rd6 24. h4 Rbd8 25. h5 Qc7 26. Red1 Qe7 27. Qg3
R6d7 28. Bxd5 Rxd5 29. h6+ Kf8 30. Rxd5 exd5 31. Qf4 f6 32. a4 Kf7 33. axb5
axb5 34. Ra1 b4 35. Qd4 bxc3 36. bxc3 Rd7 37. Qd2 Qe5 38. Re1 Qd6 39. Re3 Qc5
40. Rd3 g5 41. Rf3 d4 42. Qd3 Ke8 43. Qe4+ Qe7 44. Qc6 Qd6 45. Qc8+ Rd8 46. Qf5
dxc3 47. Qxh7 Qe5 48. g3 Rd2 49. Re3 Qxe3 50. fxe3 c2 51. Qe4+ Kf7 52. Qc4+ Kg6
53. h7 Kxh7 54. Qf7+ Kh8 55. Qxf6+ Kh7 56. Qf5+ Kh8 57. Qf6+ Kh7 58. Qf7+ Kh8
59. Qh5+ Kg8 60. Qxg5+ Kh7 61. Qf5+ Kg8 62. Qc8+ Kh7 63. Qb7+ Kg8 64. Qa8+ Kh7
65. Qa7+ Kg8 66. Qa2+ Kh7 1/2-1/2

[Event "SV Erkenschwick 1 - Klub Kölner SF 1"]
[Site "Oberliga NRW 2021/2022"]
[Date "2022.05.29"]
[Round "6.3"]
[White "Wisskirchen, Andreas"]
[Black "De Vreugt, Dennis"]
[Result "0-1"]
[WhiteElo "2187"]
[BlackElo "2326"]
[PlyCount "74"]
[EventDate "2022.??.??"]
[SourceVersionDate "2020.03.16"]
[WhiteTeam "Klub Kölner SF 1"]
[BlackTeam "SV Erkenschwick 1"]

1. d4 Nf6 2. Nf3 e6 3. c4 Bb4+ 4. Bd2 c5 5. Bxb4 cxb4 6. Nbd2 O-O 7. e4 d6 8.
g3 e5 9. Bg2 exd4 10. Nxd4 Qb6 11. Ne2 Bg4 12. O-O Nbd7 13. h3 Bxe2 14. Qxe2
Rfe8 15. Kh2 a5 16. Rae1 a4 17. Qe3 Qc5 18. f4 Re7 19. e5 dxe5 20. Bxb7 Rd8 21.
Bg2 e4 22. b3 a3 23. Qe2 Rde8 24. Rd1 e3 25. Ne4 Rxe4 26. Bxe4 Rxe4 27. Rd3 h5
28. Rf3 h4 29. Rdxe3 hxg3+ 30. Kg2 Qc6 31. Rxe4 Nxe4 32. Qd3 Ndc5 33. Qd8+ Kh7
34. Qh4+ Qh6 35. Qe7 Qf6 36. Qxf6 gxf6 37. Re3 Nc3 0-1

[Event "SV Erkenschwick 1 - Klub Kölner SF 1"]
[Site "Oberliga NRW 2021/2022"]
[Date "2022.05.29"]
[Round "6.4"]
[White "Jonkman, Harmen"]
[Black "Schmidt, Martin"]
[Result "1/2-1/2"]
[WhiteElo "2383"]
[BlackElo "2164"]
[PlyCount "107"]
[EventDate "2022.??.??"]
[SourceVersionDate "2020.03.16"]
[WhiteTeam "SV Erkenschwick 1"]
[BlackTeam "Klub Kölner SF 1"]

1. e4 c5 2. Nf3 b6 3. Bc4 Bb7 4. O-O e6 5. Re1 Qc7 6. d3 Nf6 7. Bg5 Be7 8. Nbd2
Nc6 9. c3 O-O-O 10. Bb5 Ng4 11. Bxe7 Nxe7 12. d4 f5 13. e5 Kb8 14. h3 h5 15.
Ng5 Rdf8 16. Qa4 Nc6 17. Ndf3 Rh6 18. Rad1 Rg6 19. h4 d6 20. Qc4 dxe5 21. Bxc6
Qxc6 22. dxe5 Re8 23. Rd6 Nxe5 24. Rxc6 Nxc4 25. Rcxe6 Rgxe6 26. Rxe6 Rxe6 27.
Nxe6 Bxf3 28. gxf3 g6 29. Nf8 Nxb2 30. Nxg6 Na4 31. c4 Kc7 32. Nf4 Kd6 33. Nxh5
Nb2 34. Nf4 Nxc4 35. h5 Ne5 36. h6 Nxf3+ 37. Kf1 Ng5 38. Ng6 Nh7 39. Ke2 b5 40.
f4 a5 41. Ne5 a4 42. Kd2 Kd5 43. Nf7 b4 44. Ng5 Nf8 45. h7 Ng6 46. Nf7 a3 47.
Kc2 c4 48. Nd8 Nh8 49. Nb7 Kc6 50. Na5+ Kb5 51. Nb7 Kc6 52. Na5+ Kd5 53. Nb7
Ng6 54. Na5 1/2-1/2